| 000 | 00416nam a22001457a 4500 | ||
|---|---|---|---|
| 005 | 20150330120735.0 | ||
| 008 | 150330b xxu||||| |||| 00| 0 eng d | ||
| 040 | _cPK-LaUMT | ||
| 082 |
_aKHC 306.365 _bMAS-H |
||
| 100 | _aمسعود کھدر پوش | ||
| 245 |
_aہاری رپورٹ کل اور آج _cمسعود کھدر پوش |
||
| 260 |
_aلاہور _bجنگ پبلشرز _c1990 |
||
| 300 | _a94 ص | ||
| 942 | _cBK | ||
| 999 |
_c68436 _d68436 |
||